000 00310nam a2200145Ia 4500
100 _aTRACY/BRIAN
650 _aCommunication skills
942 _cBK
366 _f20
245 _aCHANGE YOUR THINKING
260 _bMANJUL PUBL.
_aNew Delhi
_c2011
082 _a170/TRA
300 _a304
546 _aENGLISH
999 _c18800
_d18800